000 01020nam a2200241Ia 4500
003 Ost
005 20260507075743.0
008 260507s9999||||xx |||||||||||||| ||und||
020 _a2010249957
040 _cfsecg
041 _aara
082 _a330
100 _aالحواري، نضال عباس
_eمؤلف
245 0 _aمبادئ تسويق شركات الطيران /
_c نضال عباس الحواري
260 _aعمان:
_bدار صفاء للنشر والتوزيع,
_c2002
300 _a197 صفحة؛
_bإيضاحات ؛
_c24 سم
520 _aمقدمة في التسويق- بحوث التسويق- البيئة التسويقية- تقسيم السوق- سلعة الطيران- تكاليف عمل الطائرة- التسعير- مفهوم الترويج- قنوات التوزيع.
653 _aأدارة المبيعات
653 _aالتسويق
653 _aالخطوط الجوية
700 _aعواد، ابراهيم خالد
_eمؤلف ثانوي
942 _cكتاب
999 _c46175
_d46175